[Event "FRA-ch Seniors"]
[Site "Nimes"]
[Date "2018.08.20"]
[Round "3"]
[White "Cartigny, Patrick"]
[Black "Vareille, Francois"]
[Result "1/2-1/2"]
[WhiteElo "1910"]
[BlackElo "2421"]
[PlyCount "48"]
[EventDate "2018.08.18"]
[EventType "swiss"]
[EventRounds "9"]
[EventCountry "FRA"]
[SourceTitle "EXT 2020"]
[Source "ChessBase"]
[SourceDate "2019.10.17"]
[SourceVersion "1"]
[SourceVersionDate "2019.10.17"]
[SourceQuality "1"]

1. e4 c5 2. c3 g6 3. d4 cxd4 4. cxd4 d5 5. e5 a6 6. h3 Nc6 7. Nf3 Bg7 8. Nc3 f6 9. Bf4 e6 10. Be2 Nge7 11. 0-0 0-0 12. Qd2 Bd7 13. Rfe1 fxe5 14. Nxe5 Nf5 15. Nxc6 Bxc6 16. Bg4 Nxd4 17. Be5 Bxe5 18. Rxe5 Nf5 19. Rxe6 d4 20. Ne2 Bxg2 21. Nf4 Bc6 22. Rae1 Qg5 23. Qc1 Ng7 24. Qc4 Kh8 1/2-1/2

[Event "Lille Luce op 7th"]
[Site "Lille"]
[Date "2016.04.09"]
[Round "1"]
[White "Cartigny, Patrick"]
[Black "Goormachtigh, Johan"]
[Result "0-1"]
[WhiteElo "1899"]
[BlackElo "2191"]
[PlyCount "43"]
[EventDate "2016.04.09"]
[EventType "swiss"]
[EventRounds "7"]
[EventCountry "FRA"]
[SourceTitle "CBM 171 Extra"]
[Source "ChessBase"]
[SourceDate "2016.04.26"]
[SourceVersion "1"]
[SourceVersionDate "2016.04.26"]
[SourceQuality "1"]

1. e4 c5 2. c3 Nf6 3. e5 Nd5 4. d4 cxd4 5. cxd4 e6 6. Nf3 d6 7. Bc4 Nb6 8. Bd3 dxe5 9. dxe5 Na6 10. 0-0 Nc5 11. Bb5+ Bd7 12. Nc3 a6 13. Bxd7+ Qxd7 14. Qxd7+ Ncxd7 15. b3 Rc8 16. Bb2 Nc5 17. Rfd1 Be7 18. Rd2 0-0 19. Rad1 Rc7 20. g3 Rfc8 21. Rc1 Kf8 22. Kf1 0-1

[Event "Lille Luce op 6th"]
[Site "Lille"]
[Date "2015.05.07"]
[Round "5"]
[White "Poivre, Alain"]
[Black "Cartigny, Patrick"]
[Result "0-1"]
[WhiteElo "1627"]
[BlackElo "1886"]
[PlyCount "107"]
[EventDate "2015.05.04"]
[EventType "swiss"]
[EventRounds "9"]
[EventCountry "FRA"]
[SourceTitle "EXT 2017"]
[Source "ChessBase"]
[SourceDate "2016.10.25"]
[SourceVersion "1"]
[SourceVersionDate "2016.10.25"]
[SourceQuality "1"]

1. e4 e6 2. d4 d5 3. e5 c5 4. c3 Qb6 5. Nf3 Bd7 6. Bd3 Bb5 7. Bc2 cxd4 8. cxd4 Nc6 9. Be3 Rc8 10. Nc3 Bb4 11. Rb1 Ba6 12. a3 Bxc3+ 13. bxc3 Qa5 14. Bd2 Qxa3 15. Rb3 Qe7 16. Bc1 Qc7 17. Bd3 Bxd3 18. Qxd3 Nge7 19. 0-0 b6 20. Bd2 Na5 21. Rbb1 Qc4 22. Qc2 Rc7 23. Rfc1 Qc6 24. Ne1 Nc4 25. Ra1 0-0 26. Nd3 a5 27. Be1 Ra8 28. Nb2 b5 29. Nd3 Nf5 30. Qb3 Rb8 31. Nc5 h6 32. g3 Qb6 33. Kg2 a4 34. Qb4 Ne7 35. Nd3 Nc6 36. Qc5 N6a5 37. Qxb6 Rxb6 38. Nc5 Nb3 39. Nxb3 axb3 40. Rcb1 b2 41. Ra2 Rcc6 42. Raxb2 Nxb2 43. Rxb2 Rc4 44. Rb4 Rxb4 45. cxb4 Rc6 46. Kf3 Kh7 47. h4 h5 48. Ke3 Kg6 49. f4 Kf5 50. Kf3 Rc4 51. Ke3 Kg4 52. Kd3 Rc1 53. Kd2 Rxe1 54. Kxe1 0-1

[Event "Lille Luce op 6th"]
[Site "Lille"]
[Date "2015.05.06"]
[Round "3"]
[White "Cabarrus, Valentin"]
[Black "Cartigny, Patrick"]
[Result "0-1"]
[WhiteElo "1469"]
[BlackElo "1886"]
[PlyCount "54"]
[EventDate "2015.05.04"]
[EventType "swiss"]
[EventRounds "9"]
[EventCountry "FRA"]
[SourceTitle "EXT 2017"]
[Source "ChessBase"]
[SourceDate "2016.10.25"]
[SourceVersion "1"]
[SourceVersionDate "2016.10.25"]
[SourceQuality "1"]

1. d4 Nf6 2. c4 c5 3. d5 e6 4. Nc3 exd5 5. cxd5 Bd6 6. Nf3 0-0 7. e4 Re8 8. Bd3 Bc7 9. 0-0 d6 10. Bf4 Bg4 11. Re1 a6 12. a3 b5 13. b4 Nbd7 14. Rb1 Rb8 15. h3 Bh5 16. g4 Bg6 17. Re2 h6 18. Bc2 Qe7 19. Qd2 Rbc8 20. Rbe1 Qf8 21. e5 dxe5 22. Nxe5 Bxe5 23. Bxg6 Bxf4 24. Bxf7+ Qxf7 25. Rxe8+ Rxe8 26. Rxe8+ Qxe8 27. Qxf4 Qe1+ 0-1

[Event "FRA-ch op-B"]
[Site "Nimes"]
[Date "2009.08.12"]
[Round "2"]
[White "Youssoupov, Moisse"]
[Black "Cartigny, Patrick"]
[Result "1/2-1/2"]
[WhiteElo "1911"]
[BlackElo "1986"]
[PlyCount "71"]
[EventDate "2009.08.11"]
[EventType "swiss"]
[EventRounds "11"]
[EventCountry "FRA"]
[SourceTitle "EXT 2011"]
[Source "ChessBase"]
[SourceDate "2010.11.26"]
[SourceVersion "1"]
[SourceVersionDate "2010.11.26"]
[SourceQuality "1"]

1. d4 c5 2. c3 Nf6 3. Bf4 cxd4 4. cxd4 d6 5. Nc3 g6 6. e3 Bg7 7. Nf3 Qa5 8. Qd2 Bd7 9. Bc4 0-0 10. 0-0 Nh5 11. Bg5 Bf6 12. Bxf6 Nxf6 13. Nd5 Qd8 14. Nxf6+ exf6 15. Qb4 Bc8 16. Rac1 d5 17. Bb3 b6 18. Rc3 a5 19. Qa3 Na6 20. Ba4 Bd7 21. Bxd7 Qxd7 22. Qb3 Rab8 23. Rfc1 Rfc8 24. Qc2 Rxc3 25. Qxc3 Rb7 26. Qc8+ Kg7 27. Qxd7 Rxd7 28. a3 Rc7 29. Rxc7 Nxc7 30. Kf1 Kf8 31. Ke2 Ke7 32. Kd3 Kd6 33. g4 Ne6 34. Nh4 Ng7 35. f3 Ne6 36. Ng2 1/2-1/2

[Event "FRA-ch opB"]
[Site "Val d'Isere"]
[Date "2004.08.??"]
[Round "9"]
[White "Cartigny, Patrick"]
[Black "Vandewiele, Benoit"]
[Result "1-0"]
[WhiteElo "1996"]
[BlackElo "1850"]
[PlyCount "115"]
[EventDate "2004.08.16"]
[EventType "swiss"]
[EventRounds "9"]
[EventCountry "FRA"]
[SourceTitle "EXT 2005"]
[Source "ChessBase"]
[SourceDate "2004.11.15"]
[SourceVersion "1"]
[SourceVersionDate "2004.11.15"]
[SourceQuality "1"]

1. e4 c5 2. c3 d5 3. exd5 Qxd5 4. d4 Nf6 5. Nf3 e6 6. Be2 cxd4 7. Qxd4 Qxd4 8. Nxd4 Bd7 9. Nd2 Nc6 10. N2f3 a6 11. 0-0 Be7 12. h3 0-0 13. Bf4 Nd5 14. Bg3 f6 15. Bc4 Rac8 16. Bb3 Na5 17. Bxd5 exd5 18. Rfe1 Rfe8 19. Ne6 Ba3 20. Nc7 Bxb2 21. Rxe8+ Rxe8 22. Rb1 Bxc3 23. Nxe8 Bxe8 24. Bc7 b5 25. Rc1 Bb4 26. Bxa5 Bxa5 27. Rc8 Kf7 28. Ra8 Bc3 29. Rxa6 Ke7 30. Ra7+ Bd7 31. Kf1 b4 32. Ke2 Kd6 33. Kd1 d4 34. Nd2 f5 35. Kc2 Be6 36. f3 Kc5 37. Nb3+ Kb6 38. Re7 Bc4 39. Nc1 Bf1 40. Nd3 Bxg2 41. Rxg7 Bxf3 42. Rxh7 Bd5 43. Rh6+ Kb5 44. Rh5 Be4 45. Rh8 Ka4 46. Rh7 f4 47. Re7 Bf5 48. h4 f3 49. Rf7 Be4 50. h5 Be1 51. Kd1 Bh4 52. Nc5+ Ka3 53. Ra7+ Kb2 54. Nxe4 f2 55. Ke2 d3+ 56. Kf1 Kc1 57. Rd7 Kc2 58. h6 1-0

[Event "FRA-chT3 North 0304"]
[Site "France"]
[Date "2004.02.01"]
[Round "6.4"]
[White "Cartigny, Patrick"]
[Black "Van Maele, Richard"]
[Result "1-0"]
[WhiteElo "1949"]
[BlackElo "1880"]
[PlyCount "56"]
[EventDate "2003.11.??"]
[EventType "team"]
[EventRounds "9"]
[EventCountry "FRA"]
[SourceTitle "EXT 2006"]
[Source "ChessBase"]
[SourceDate "2005.11.24"]
[SourceVersion "1"]
[SourceVersionDate "2005.11.24"]
[SourceQuality "1"]
[WhiteTeam "Cappelle la Grande"]
[BlackTeam "Boulogne sur Mer"]
[WhiteTeamCountry "FRA"]
[BlackTeamCountry "FRA"]

1. e4 e6 2. d4 d5 3. exd5 exd5 4. Nf3 Nf6 5. Bg5 Be7 6. Bd3 0-0 7. 0-0 Bg4 8. Nbd2 Nbd7 9. c3 c6 10. Qc2 h6 11. Bh4 Nh5 12. Bxe7 Qxe7 13. Rfe1 Qd6 14. Ne5 Be6 15. Ndf3 Nf4 16. Bh7+ Kh8 17. Bf5 Kg8 18. Re3 Nf6 19. Rae1 Ne4 20. Bxe4 dxe4 21. Qxe4 Nd5 22. R3e2 Nf6 23. Qc2 Nd5 24. Qd2 Qe7 25. Nd3 Qf6 26. Nfe5 g5 27. Nc5 Qe7 28. Nxf7 Nf4 1-0

[Event "FRA-chT3 North 0304"]
[Site "France"]
[Date "2003.10.12"]
[Round "1.5"]
[White "Cartigny, Patrick"]
[Black "Huguenin, Olivier"]
[Result "1/2-1/2"]
[WhiteElo "1949"]
[BlackElo "2162"]
[PlyCount "116"]
[EventDate "2003.11.??"]
[EventType "team"]
[EventRounds "9"]
[EventCountry "FRA"]
[SourceTitle "EXT 2006"]
[Source "ChessBase"]
[SourceDate "2005.11.24"]
[SourceVersion "1"]
[SourceVersionDate "2005.11.24"]
[SourceQuality "1"]
[WhiteTeam "Cappelle la Grande"]
[BlackTeam "Lille II"]
[WhiteTeamCountry "FRA"]
[BlackTeamCountry "FRA"]

1. e4 e6 2. d4 d5 3. exd5 exd5 4. Bd3 Nc6 5. c3 Bd6 6. Nf3 Nge7 7. 0-0 Bf5 8. Re1 0-0 9. Bg5 Qd7 10. Bxf5 Qxf5 11. Nbd2 Ng6 12. Nf1 Nce7 13. Ne3 Qd7 14. Bxe7 Nxe7 15. Qd3 c6 16. g3 Rae8 17. Ng5 f5 18. f4 g6 19. Nc2 b6 20. Re2 Nc8 21. Rae1 h6 22. Nf3 Re4 23. Nd2 Ree8 24. Rxe8 Rxe8 25. Rxe8+ Qxe8 26. Qe3 Qxe3+ 27. Nxe3 Ne7 28. Nf3 Kf7 29. Kf2 Ke6 30. Ne5 g5 31. Kf3 g4+ 32. Ke2 c5 33. Nc2 h5 34. Ke3 a6 35. a3 Bc7 36. b4 c4 37. a4 Bd8 38. Na3 Bc7 39. b5 a5 40. Nc2 Bd6 41. Ne1 Bc7 42. Ng2 Ng8 43. Kd2 Nf6 44. Ne3 Ne4+ 45. Kc2 Nf6 46. Ng6 Ne8 47. Nf8+ Kf7 48. Nh7 Kg6 49. Ng5 Nf6 50. Ne6 Bd6 51. Nd8 h4 52. Nc6 hxg3 53. hxg3 Ne4 54. Nf1 Kf6 55. Ne5 Ke6 56. Ng6 Kf6 57. Nh4 Ke6 58. Ng2 Bc7 1/2-1/2

[Event "FRA-ch op-B"]
[Site "Aix les Bains"]
[Date "2003.08.19"]
[Round "1"]
[White "Cartigny, Patrick"]
[Black "Maillard, Julien"]
[Result "1-0"]
[WhiteElo "1963"]
[BlackElo "1800"]
[PlyCount "41"]
[EventDate "2003.08.19"]
[EventType "swiss"]
[EventRounds "9"]
[EventCountry "FRA"]
[SourceTitle "EXT 2004"]
[Source "ChessBase"]
[SourceDate "2003.11.25"]
[SourceVersion "1"]
[SourceVersionDate "2003.11.25"]
[SourceQuality "1"]

1. e4 e5 2. Bc4 Bc5 3. Nc3 Nf6 4. d3 d6 5. Nf3 h6 6. h3 Nc6 7. 0-0 Na5 8. Bb3 a6 9. Qe2 Ba7 10. Be3 c5 11. Nd5 Nxb3 12. Nxf6+ Qxf6 13. axb3 0-0 14. Nh2 Qg6 15. Kh1 f5 16. exf5 Bxf5 17. f3 Bd7 18. Ng4 Be6 19. Bd2 h5 20. Nf2 Qxg2+ 21. Kxg2 1-0

[Event "FRA-chT3 Gr8 0102"]
[Site "France"]
[Date "2001.12.09"]
[Round "4"]
[White "Cartigny, Patrick"]
[Black "Gonzales, Mathias"]
[Result "1-0"]
[WhiteElo "2007"]
[BlackElo "1880"]
[PlyCount "75"]
[EventDate "2001.10.??"]
[EventType "team"]
[EventRounds "9"]
[EventCountry "FRA"]
[SourceTitle "EXT 2005"]
[Source "ChessBase"]
[SourceDate "2004.11.15"]
[SourceVersion "1"]
[SourceVersionDate "2004.11.15"]
[SourceQuality "1"]

1. e4 e6 2. d4 d5 3. exd5 exd5 4. Nf3 Nf6 5. Bd3 Be7 6. 0-0 0-0 7. Bg5 c6 8. Nbd2 Bg4 9. c3 Nbd7 10. Qc2 h6 11. Bh4 Nh5 12. Bxe7 Qxe7 13. Rfe1 Qd8 14. Bh7+ Kh8 15. Bf5 Bxf5 16. Qxf5 Nhf6 17. Ne5 Nxe5 18. dxe5 Ng8 19. Nf3 Qb6 20. Nh4 Ne7 21. Qc2 Kg8 22. Re3 d4 23. cxd4 Qxd4 24. Re4 Qb6 25. Rf4 Rad8 26. Re1 Rd4 27. Rxd4 Qxd4 28. Nf3 Qd5 29. Qa4 a6 30. Qb4 Qd7 31. Qb3 Nd5 32. g3 Re8 33. Qc4 Qf5 34. Nh4 Qg5 35. f4 Qd8 36. Qb3 Nxf4 37. Nf3 Qd5 38. gxf4 1-0

[Event "Le Touquet op 16th"]
[Site "Le Touquet"]
[Date "2001.10.28"]
[Round "2"]
[White "Cappon, John"]
[Black "Cartigny, Patrick"]
[Result "1-0"]
[WhiteElo "2152"]
[BlackElo "2007"]
[PlyCount "51"]
[EventDate "2001.10.27"]
[EventType "swiss"]
[EventRounds "9"]
[EventCountry "FRA"]
[SourceTitle "EXT 2002"]
[Source "ChessBase"]
[SourceDate "2001.11.25"]
[SourceVersion "1"]
[SourceVersionDate "2001.11.25"]
[SourceQuality "1"]

1. e4 e6 2. d4 d5 3. Nc3 dxe4 4. Nxe4 Nd7 5. Nf3 Ngf6 6. Nxf6+ Nxf6 7. Bd3 c5 8. dxc5 Bxc5 9. 0-0 0-0 10. Bg5 b6 11. Qe2 Bb7 12. Rad1 Qc7 13. Ne5 Be7 14. Bxf6 Bxf6 15. Nd7 Bxb2 16. Nxf8 Rxf8 17. f3 e5 18. Be4 Bd4+ 19. Kh1 Bc8 20. f4 Be6 21. f5 Bc4 22. Bd3 Bd5 23. f6 Be6 24. Qh5 h6 25. Qh4 e4 26. Qxe4 1-0

[Event "Montpellier op-B"]
[Site "Montpellier"]
[Date "1997.??.??"]
[Round "?"]
[White "Marteau, Yann"]
[Black "Cartigny, Patrick"]
[Result "1-0"]
[WhiteElo "1890"]
[BlackElo "2070"]
[PlyCount "88"]
[EventDate "1997.??.??"]
[EventType "swiss"]
[EventRounds "9"]
[EventCountry "FRA"]
[SourceTitle "EXT 2003"]
[Source "ChessBase"]
[SourceDate "2002.11.25"]
[SourceVersion "1"]
[SourceVersionDate "2002.11.25"]
[SourceQuality "1"]

1. e4 e6 2. d4 d5 3. e5 c5 4. c3 Nc6 5. Nf3 Qb6 6. Be2 Nh6 7. b3 cxd4 8. cxd4 Nf5 9. Bb2 Bb4+ 10. Kf1 Bd7 11. a3 Be7 12. b4 Rc8 13. Nc3 0-0 14. Na4 Qd8 15. g3 f6 16. Kg2 fxe5 17. dxe5 Qe8 18. Rc1 Qf7 19. Rf1 Rfd8 20. Bd3 Nb8 21. Nc3 a6 22. Re1 Qf8 23. Bxf5 Qxf5 24. Nd4 Qg6 25. f4 Nc6 26. f5 exf5 27. Nxd5 Bg5 28. e6 Be8 29. e7 Rxd5 30. Qb3 Bf7 31. e8Q+ Bxe8 32. Qxd5+ Kh8 33. Rc5 Rd8 34. Qxf5 Qxf5 35. Rxf5 Bf6 36. Nf3 Bg6 37. Bxf6 Rc8 38. Bxg7+ Kxg7 39. Rd5 Na7 40. Rd7+ Kh6 41. Ne5 Rc2+ 42. Kg1 Bf5 43. Rxb7 Nb5 44. Rb6+ Kg7 1-0